Statistics for European Countries by Letter

Click here to take the quiz!

General Stats

  • This quiz has been taken 479 times
  • The average score is 17 of 19

Answer Stats

HintAnswer% Correct
AAlbania, Azerbaijan, Austria etc.
98%
FFinland, France
98%
BBelarus, Belgium, Bulgaria etc.
97%
DDenmark
97%
GGeorgia, Germany, Greece
96%
IItaly, Ireland, Iceland
96%
SSpain, Serbia, Switzerland etc.
95%
CCroatia, Czech Republic
93%
LLatvia, Lithuania, Luxembourg etc.
93%
MMonaco, Malta, Montenegro etc.
93%
PPoland, Portugal
92%
EEstonia
91%
RRussia, Romania
91%
HHungary
89%
NNetherlands, Norway
87%
UUnited Kingdom, Ukraine
85%
KKazakhstan, Kosovo
80%
VVatican City
77%
TTurkey
74%

Score Distribution

Percentile by Number Answered

Percent of People with Each Score

Your Score History

You have not taken this quiz